Central Library OPAC University of Rajshahi
Normal view MARC view

Entry Uniform Title

Number of records used in: 2

001 - CONTROL NUMBER

  • control field: 8442

003 - CONTROL NUMBER IDENTIFIER

  • control field: BD-RjUL

005 - DATE AND TIME OF LATEST TRANSACTION

  • control field: 20230821113409.0

008 - FIXED-LENGTH DATA ELEMENTS

  • fixed length control field: 230821|| aca||aabn | a|a d

040 ## - CATALOGING SOURCE

  • Original cataloging agency: BD-RjUL
  • Transcribing agency: BD-RjUL

130 ## - HEADING--UNIFORM TITLE

  • Uniform title: Niz̤ām Urdū k̲h̲ut̤bāt ;‏نظام اردو خطبات ؛‏

670 ## - SOURCE DATA FOUND

  • Source citation: Work cat.: (BD-RjUL)81730: Nizami, Khaliq Ahmad, 1925-1997, author. 8438, اوراق مصوّر: عهد وسطىٰ کى دلّى /‏ ;; Aurāq-i muṣavvar: ʻahd-i vust̤á kī Dillī /